[Event "SEMI B033 email"]
[Site "SEMI email"]
[Date "2002.12.20"]
[Round "?"]
[White "Davanzo, Giancarlo"]
[Black "Sbernini, Daniele"]
[Result "1/2-1/2"]
[WhiteElo "1000"]
[BlackElo "1500"]
[PlyCount "61"]
[EventDate "2002.12.20"]
[EventType "tourn (corr)"]
[EventRounds "6"]
[EventCountry "ITA"]
[SourceTitle "Corr 2008"]
[Source "ChessBase"]
[SourceDate "2008.06.24"]
[SourceVersion "1"]
[SourceVersionDate "2008.06.24"]
[SourceQuality "1"]

1. d4 Nf6 2. c4 g6 3. Nc3 Bg7 4. e4 d6 5. Nf3 0-0 6. Be2 e5 7. 0-0 Nc6 8. Bg5 h6 9. Bh4 g5 10. Bg3 exd4 11. Nxd4 Nxe4 12. Nxc6 Nxc3 13. Nxd8 Nxd1 14. Raxd1 Rxd8 15. b3 Re8 16. Bh5 Be5 17. f4 gxf4 18. Bxf4 Bxf4 19. Rxf4 Be6 20. Rd3 Re7 21. Rg3+ Kh7 22. Bf3 f5 23. Rh4 Rg8 24. Rgh3 Rg6 25. Bxb7 Bd7 26. Kf2 Rge6 27. Bf3 a5 28. Rd4 Re5 29. Rd2 Kg6 30. Re2 Rxe2+ 31. Bxe2 1/2-1/2